000 00792nam a2200229 i 4500
001 124433
003 ES-MaACL
005 20250812221203.0
007 t|
008 070326s1928 sp ||||1| spa d
080 _a786/789(022)
100 1 _aVolbach, Wolfgang Fritz.
_9115687
245 1 3 _aLa orquesta moderna /
_cFritz Volbach ; traducción del Mtro. Roberto Gerhard.
260 _aBarcelona :
_bLabor,
_c1928.
300 _a400 p., [3] h. de lám. :
_bil. ;
_c19 cm.
490 1 _aColección Labor. V. Música ;
_v155-156
700 0 _aGerhard, Robert.
_956444
830 0 0 _aColección Labor.
_pMúsica
_v155-156
_9188907
852 4 _aES-MaACL
_jE-2679
852 4 _aES-MaACL
_jE-12355
_9R.140512
_z- Biblioteca Jacinto Martínez Lacalle
999 _c124433
_d124433